Biblioteka Instytutu Północnego w Olsztynie

Widok standardowy Widok MARC

Pozycja Personal Name

Liczba rekordów, w których użyto hasła: 1

001 - Numer kontrolny

  • control field: 38872

003 - Identyfikator numeru kontrolnego

  • control field: NUKAT

005 - Data i czas ostatniej modyfikacji

  • control field: 20260324102542.0

008 - Dane kontrolne kodowane (40 znaków)

  • fixed length control field: 260324n||a|znnaabn |a aaa |c

010 ## - Numer kontrolny Biblioteki Kongresu

  • numer kontrolny LC: n 2026053624

040 ## - Instytucja sporządzająca rekord

  • inst. przygot. dane do rek. khw: OLSZT 008/AL
  • język haseł przedmiotowych/tezaurus: kaba
  • inst. wprow. rek. khw: OLSZT 008/AL

043 ## - Kod obszaru geograficznego

  • ISO code: PL

046 ## - Special dates

  • Birth date: 1909
  • Death date: 1974

100 1# - Hasło - nazwa osobowa

  • nazwa osobowa w formie ujednoliconej: Szulc, Otto
  • daty biograficzne: (1909-1974).

370 ## - Associated place

  • Place of birth: Mrągowo (woj. warmińsko-mazurskie ; okolice)

370 ## - Associated place

  • Place of death: Kolonia (Niemcy)

370 ## - Associated place

  • Residence/HQ: Biskupiec (woj. warmińsko-mazurskie, pow. olsztyński, gm. Biskupiec ; okolice)

372 ## - Field of activity

  • Field: Sztuka ludowa

372 ## - Field of activity

  • Field: Rzeźba

372 ## - Field of activity

  • Field: Malarstwo (sztuka)

374 ## - Occupation

  • Occupation: Artyści ludowi

374 ## - Occupation

  • Occupation: Rzeźbiarze

374 ## - Occupation

  • Occupation: Malarze

375 ## - Gender

  • Gender: 1
  • Source of term: iso5218

377 ## - Assoc lang

  • Lang code: pol

670 ## - Źródło informacji

  • źródło informacji: Izba Ottona Szulca / P. N. - Olsztyn, [1970].

670 ## - Źródło informacji

  • źródło informacji: Otto Szulc. Leksykon Kultury Warmii i Mazur online, 24.03.2026
  • adres internetowy: http://leksykonkultury.ceik.eu/index.php/Otto_Szulc

670 ## - Źródło informacji

  • źródło informacji: Słownik biograficzny Warmii, Mazur i Powiśla XIX i XX wieku : (do 1945 roku) / Tadeusz Oracki. - Olsztyn, 2023.
  • gdzie znaleziono informację: (Szulc Otto, s. 572).
Biblioteka Instytutu Północnego, ul. Partyzantów 87, 10-402 Olsztyn, email: biblioteka(at)ip.olsztyn.pl